Giocatori che hanno Vinto sia il Pallone d'Oro che il Mondiale - Statistics

Statistiche generali
  • Questo quiz è stato fatto 300 volte
    295 dall'ultimo reset
  • Il punteggio medio è 9 su 12
Statistiche sulle risposte
Hint Risposta % Corretto
🇦🇷 Lionel Messi
98%
🇮🇹 Fabio Cannavaro
94%
🇧🇷 Ronaldo
90%
🇫🇷 Zinedine Zidane
86%
🇧🇷 Ronaldinho
85%
🇮🇹 Paolo Rossi
79%
🇧🇷 Rivaldo
73%
🇧🇷 Kaká
72%
🇩🇪 Gerd Müller
65%
🇩🇪 Franz Beckenbauer
63%
🇩🇪 Lothar Matthäus
48%
🇬🇧 Bobby Charlton
43%
Nessun quiz corrispondente trovato
Distribuzione punteggi
Percentuale di utenti per punteggio
Percentile per numero di risposta
I tuoi punteggi nel tempo
Non hai fatto questo quiz dall'ultimo reset